| 000 | 00587cam a22001577a 4500 | ||
|---|---|---|---|
| 020 | _a9054106123 (hardbound) | ||
| 082 | 0 | 0 |
_a519.72 _bWRI _cNUST 15 |
| 100 | 1 |
_aWright, E. Alaphia. _939522 |
|
| 245 | 1 | 0 |
_aPlanning with linear programming : _ba practical approach with the program LP-TOOLS / _cE. Alaphia Wright. |
| 260 |
_aRotterdam ; _aBrookfield, VT : _bA.A. Balkema, _cc1996. |
||
| 300 |
_aviii, 150 p. : _bill. ; _c26 cm. + _e1 computer disk (3 1/2 in.) |
||
| 526 |
_a0 _b0 _c0 _d519_720000000000000_WRI |
||
| 650 | 0 |
_aLinear programming. _910838 |
|
| 650 | 0 |
_aNUST _96342 |
|
| 942 |
_2ddc _cBK |
||
| 999 |
_c543997 _d543997 |
||